| 000 | 00503pab a2200169 454500 | ||
|---|---|---|---|
| 008 | 180718b2013 xxu||||| |||| 00| 0 eng d | ||
| 100 | _aJohansen, Morgen | ||
| 245 | _aManagerial networking in nonprofit organizations: The impact of networking on organizational and advocacy effectiveness | ||
| 260 | _c2013 | ||
| 300 | _ap.355-365. | ||
| 362 | _aMar-Apr | ||
| 650 | _aNonprofit organizations | ||
| 700 | _aLeRoux, Kelly | ||
| 773 | _aPublic Administration Review | ||
| 908 | _aN | ||
| 909 | _a99547 | ||
| 999 |
_c99546 _d99546 |
||